000 00366nam a2200157Ia 4500
003 Ost
005 20260225132543.0
008 260225s9999||||xx |||||||||||||| ||und||
040 _cfsic
041 _afre
082 _a440
100 _aTaieb hafsi
_eAuteur
245 0 _aEntreprise publique et politique industrille /
245 0 _cTaieb hafsi
942 _cكتاب
999 _c33662
_d33662